<?xml version="1.0" encoding="UTF-8"?>
<record
    xmlns:xsi="http://www.w3.org/2001/XMLSchema-instance"
    xsi:schemaLocation="http://www.loc.gov/MARC21/slim http://www.loc.gov/standards/marcxml/schema/MARC21slim.xsd"
    xmlns="http://www.loc.gov/MARC21/slim">

  <leader>01274nam a2200205   4500</leader>
  <controlfield tag="003">CO-ViMGA</controlfield>
  <datafield tag="020" ind1=" " ind2=" ">
    <subfield code="a">9789583035463</subfield>
  </datafield>
  <datafield tag="040" ind1=" " ind2=" ">
    <subfield code="a">CO-ViMGA</subfield>
    <subfield code="b">spa</subfield>
    <subfield code="c">CO-ViMGA</subfield>
  </datafield>
  <datafield tag="082" ind1="0" ind2="4">
    <subfield code="a">I 394.7 </subfield>
    <subfield code="b">849u</subfield>
  </datafield>
  <datafield tag="100" ind1="1" ind2=" ">
    <subfield code="a">Stewart, David</subfield>
    <subfield code="9">692</subfield>
  </datafield>
  <datafield tag="245" ind1="1" ind2="0">
    <subfield code="a">Un caballero listo para la batalla </subfield>
    <subfield code="c">David Stewart ; Ilustrador Mark Bergin</subfield>
  </datafield>
  <datafield tag="260" ind1=" " ind2=" ">
    <subfield code="a">Bogota :</subfield>
    <subfield code="b">Panamericana editorial, </subfield>
    <subfield code="c">2011</subfield>
  </datafield>
  <datafield tag="300" ind1=" " ind2=" ">
    <subfield code="a">37 p. ;</subfield>
    <subfield code="b">il. ; color</subfield>
  </datafield>
  <datafield tag="500" ind1=" " ind2=" ">
    <subfield code="a">La Edad Media, ese periodo de la historia en que lo m&#xE1;s importante era la posesi&#xF3;n de la tierra, fue protagonizado por un personaje lleno de encanto y valent&#xED;a: el caballero medieval. No todos los hombres ten&#xED;an la posibilidad de convertirse en caballeros del rey y su entrenamiento, adem&#xE1;s de costoso, era muy largo. Comenzaba a la edad de 12 a&#xF1;os, cuando los muchachos dejaban a sus familias y se iban a vivir al castillo del rey, como pajes. A los 14 se convert&#xED;an en escuderos, permaneciendo al servicio de un caballero, quien les ense&#xF1;aba todo lo relacionado con el arte de la guerra y la estrategia y, lo m&#xE1;s importante, el c&#xF3;digo de la caballerosidad</subfield>
  </datafield>
  <datafield tag="650" ind1="1" ind2="4">
    <subfield code="a">Caballeros y caballer&#xED;a</subfield>
    <subfield code="9">678</subfield>
  </datafield>
  <datafield tag="650" ind1="1" ind2="4">
    <subfield code="a">Civilizacion medieval</subfield>
    <subfield code="9">713</subfield>
  </datafield>
  <datafield tag="650" ind1="1" ind2="4">
    <subfield code="a">Historia medieval</subfield>
    <subfield code="9">679</subfield>
  </datafield>
  <datafield tag="700" ind1="1" ind2=" ">
    <subfield code="a">Bergin, Mark</subfield>
    <subfield code="e">il.</subfield>
    <subfield code="9">710</subfield>
  </datafield>
  <datafield tag="942" ind1=" " ind2=" ">
    <subfield code="2">ddc</subfield>
    <subfield code="c">BK</subfield>
  </datafield>
  <datafield tag="999" ind1=" " ind2=" ">
    <subfield code="c">37282</subfield>
    <subfield code="d">37282</subfield>
  </datafield>
  <datafield tag="952" ind1=" " ind2=" ">
    <subfield code="0">0</subfield>
    <subfield code="1">0</subfield>
    <subfield code="2">ddc</subfield>
    <subfield code="4">0</subfield>
    <subfield code="7">0</subfield>
    <subfield code="8">008</subfield>
    <subfield code="a">MEVIECAR</subfield>
    <subfield code="b">MEVIECAR</subfield>
    <subfield code="d">2020-04-07</subfield>
    <subfield code="l">0</subfield>
    <subfield code="o">I 394.7 S849u</subfield>
    <subfield code="p">33192</subfield>
    <subfield code="r">2020-04-07 00:00:00</subfield>
    <subfield code="w">2020-04-07</subfield>
    <subfield code="y">BK</subfield>
  </datafield>
  <datafield tag="952" ind1=" " ind2=" ">
    <subfield code="0">0</subfield>
    <subfield code="1">0</subfield>
    <subfield code="2">ddc</subfield>
    <subfield code="4">0</subfield>
    <subfield code="7">0</subfield>
    <subfield code="8">008</subfield>
    <subfield code="a">MEVIECAR</subfield>
    <subfield code="b">MEVIECAR</subfield>
    <subfield code="d">2020-04-07</subfield>
    <subfield code="l">0</subfield>
    <subfield code="o">I 394.7 S849u</subfield>
    <subfield code="p">33193</subfield>
    <subfield code="r">2020-04-07 00:00:00</subfield>
    <subfield code="w">2020-04-07</subfield>
    <subfield code="y">BK</subfield>
  </datafield>
  <datafield tag="952" ind1=" " ind2=" ">
    <subfield code="0">0</subfield>
    <subfield code="1">0</subfield>
    <subfield code="4">0</subfield>
    <subfield code="7">0</subfield>
    <subfield code="8">InfPoTi</subfield>
    <subfield code="a">MEVIGERR</subfield>
    <subfield code="b">MEVIGERR</subfield>
    <subfield code="c">SInf</subfield>
    <subfield code="d">2012-07-03</subfield>
    <subfield code="o">394.7 S72c</subfield>
    <subfield code="p">ECA21290</subfield>
    <subfield code="r">2024-11-26 10:02:24</subfield>
    <subfield code="t">Ej.1</subfield>
    <subfield code="w">2024-11-26</subfield>
    <subfield code="y">BK</subfield>
    <subfield code="z">16219 | 20973</subfield>
  </datafield>
</record>
